|
|
|
|
| LEADER |
01125nam a2200313 4500 |
| 001 |
DLU130147603 |
| 005 |
##20130515 |
| 040 |
# |
# |
|a DLU
|b vie
|
| 041 |
# |
# |
|a vie
|
| 044 |
# |
# |
|a vn
|
| 100 |
# |
# |
|a Nguyễn Quang Tân.
|
| 245 |
# |
# |
|a Quản lý cộng đồng về tài nguyên rừng ở Việt Nam :
|b Hướng tới sự phát triển của lâm nghiệp cộng đồng, bài học kinh nghiệm từ thực tiễn ở Việt Nam /
|c Nguyễn Quang Tân, Nguyễn Bá Ngãi, Trần Ngọc Thanh, Hoàng Huy Tuấn.
|
| 653 |
# |
# |
|a Bảo vệ rừng
|
| 653 |
# |
# |
|a Phát triển bền vững
|
| 653 |
# |
# |
|a Trồng rừng
|
| 653 |
# |
# |
|a Xóa đói giảm nghèo
|
| 700 |
# |
# |
|a Hoàng Huy Tuấn.
|
| 700 |
# |
# |
|a Nguyễn Bá Ngãi.
|
| 700 |
# |
# |
|a Trần Ngọc Thanh.
|
| 773 |
# |
# |
|t Tạp chí Dân tộc học
|g Số 5(173), 2011, tr. 42-51
|
| 920 |
# |
# |
|a Phòng Tạp chí -- Trung tâm Thông tin - Thư viện Trường Đại học Đà Lạt
|
| 994 |
# |
# |
|a DLU
|
| 900 |
# |
# |
|a True
|
| 911 |
# |
# |
|a Nguyễn Thị Linh Chi
|
| 925 |
# |
# |
|a G
|
| 926 |
# |
# |
|a A
|
| 927 |
# |
# |
|a BB
|
| 980 |
# |
# |
|a Thư viện Trường Đại học Đà Lạt
|